| 000 | 01010 a2200253 4500 | ||
|---|---|---|---|
| 003 | NUST | ||
| 005 | 20221229140734.0 | ||
| 010 | _a 88010543 | ||
| 020 | _a0080358276 (soft) : | ||
| 020 | _a0080358284 : | ||
| 040 | _cNust | ||
| 082 | 0 | 0 | _a355.82,LEE |
| 100 |
_aLEE, R. G. _942226 |
||
| 245 | 0 | 0 |
_aGuided weapons (Vol-1) / _cR.G. Lee ... [et al.]. |
| 250 | _a1st ed. | ||
| 260 |
_aLondon ; _aWashington : _bBrassey's Defence Publishers, _c1988. |
||
| 300 |
_axv, 286 p. : _bill. ; _c26 cm. |
||
| 440 | 0 |
_aLand warfare ; _vv. 1 _9102996 |
|
| 505 | _aIntroduction to guided weapons (Page-1), Propulsion (Page-7), Electrical power supplies (Page-43), Airframes (Page-93), Guidance (Page-119), Control (Page-141), Warheads (Page-159), Anti Tank guided weapons (Page-177), Surface to air guided weapons (Page-201), Surface to surface guided weapons (Page-221). | ||
| 650 | 0 |
_aAntitank weapons. _9106396 |
|
| 650 | 0 |
_aGuided missiles. _942228 |
|
| 700 | 1 |
_aLee, R. G. _942226 |
|
| 942 |
_2ddc _cBK _k355.82,LEE |
||
| 999 |
_c186314 _d186314 |
||